000 00647nam a22001577a 4500
999 _c80484
_d80484
008 201130b ||||| |||| 00| 0 eng d
040 _bger
_cSTAFF
_erda
041 _ager
100 _aWaldmann, Nancy:
245 _aWie Grenzgänger das Jahr 2020 erlebt haben:
_bHin und her: es war ein stürmisches Jahr in der Doppelstadt Frankfurt/ Slubice ... Vier Doppelstädter ziehen Bilanz/
_cNancy Waldmann
773 _dFrankfurt (Oder): Märkisches Verlags- und Druckhaus GmbH & Co KG
_g31. Jahrgang (2020) Nr. 301 vom 28.12.2020, Seite 14
_tMärkische Oderzeitung
942 _cA